La Gobernabilidad en América Latina: balance reciente y tendencias a futuro
Se expone que si establecer el estado de derecho, el imperio de la ley y la gobernabilidad democráticas son tareas llenas de dificultades y retos en cada uno de los países la construcción de una institucionalidad regional capaz de contribuir de manera sustantiva a fortalecer la paz y la estabilidad...
Պահպանված է:
| Հիմնական հեղինակ: | |
|---|---|
| Ձևաչափ: | Տեքստ |
| Հրապարակվել է: |
San José:
FLACSO. Secretaría General
|
| Խորագրեր: | |
| Ցուցիչներ: |
Ավելացրեք ցուցիչ
Չկան պիտակներ, Եղեք առաջինը, ով նշում է այս գրառումը!
|
MARC
| LEADER | 00000 a a2200000 04500 | ||
|---|---|---|---|
| 001 | 36045 | ||
| 003 | |||
| 040 | |||
| 090 | |a 0002 R741g | ||
| 100 | |a Rojas Aravena, Francisco | ||
| 245 | |a La Gobernabilidad en América Latina: balance reciente y tendencias a futuro | ||
| 260 | |a San José: |b FLACSO. Secretaría General | ||
| 300 | |a 43 p. | ||
| 500 | |a Informe del Secretario General de FLACSO presentado al Consejo Superior el 28 de julio de 2005 | ||
| 520 | |a Se expone que si establecer el estado de derecho, el imperio de la ley y la gobernabilidad democráticas son tareas llenas de dificultades y retos en cada uno de los países la construcción de una institucionalidad regional capaz de contribuir de manera sustantiva a fortalecer la paz y la estabilidad y el desarrollo en América Latina también es una tarea compleja y llena de trabas | ||
| 650 | |a GOBERNABILIDAD | ||
| 650 | |a DEMOCRACIA | ||
| 650 | |a LIDERAZGO | ||
| 650 | |a MEDIO AMBIENTE | ||
| 650 | |a AMERICA LATINA | ||
| 999 | |c 11569 |d 11569 | ||
